Giám sát thi công, vận hành, duy tu, bảo dưỡng công trình thuộc chương trình nông thôn mới

Salvato in:
Dettagli Bibliografici
Autori principali:  Giám sát thi công, vận hành, duy tu, bảo dưỡng công trình thuộc chương trình nông thôn mới,  Tạ, Văn Phấn
Natura: Sách
Lingua:Undetermined
Pubblicazione:  Xây dựng  2022
Soggetti:
Tags: Aggiungi Tag
Nessun Tag, puoi essere il primo ad aggiungerne! !
Thư viện lưu trữ: Trung tâm Thư viện - Trường Đại học Công nghiệp TP. Hồ Chí Minh
LEADER 00742nam a2200157Ia 4500
001 UIH_08367
008 241002s9999 xx 000 0 und d
082 |a  624 
100 |a  Giám sát thi công, vận hành, duy tu, bảo dưỡng công trình thuộc chương trình nông thôn mới 
100 |a  Tạ, Văn Phấn 
245 0 |a  Giám sát thi công, vận hành, duy tu, bảo dưỡng công trình thuộc chương trình nông thôn mới 
260 |b  Xây dựng 
260 |c  2022 
650 |a Công trình xây dựng; Cơ sở hạ tầng; Nông thôn 
927 |a Sách 
980 |a Trung tâm Thư viện - Trường Đại học Công nghiệp TP. Hồ Chí Minh